| 000 | 00000nam##2200000za#4500 |
| 001 | 9.692833 |
| 003 | CaOODSP |
| 005 | 20210624233406 |
| 007 | cr ||||||||||| |
| 008 | 150407|2008||||xxc|||||o f|0| 0 eng|d |
| 040 | |aCaOODSP|beng |
| 043 | |an-cn--- |
| 086 | 1 |aIu44-62/2008E-PDF |
| 110 | 1 |aCanada.|bIndustry Canada. |bIndustry Sector. |
| 245 | 12|aA Canadian approach to the apparel global value chain / |h[electronic resource]|cPrepared for Industry Canada by Milstein & Co Consulting Inc. |
| 260 | |aOttawa - Ontario : |bIndustry Canada. |cMarch 2008. |
| 300 | |a30p.|bgraphs, tables |
| 500 | |aThe catalogue number (Iu44-62/2008) and ISBN (978-0-662-05577-8) for the bilingual print edition have been incorrectly copied in this PDF version. |
| 520 | 3 |aThis report examines the state of the Canadian apparel industry as it relates to Global Value Chains, including the industry’s ability to adapt to change to date, its opportunities, examples of success stories and challenges. |
| 590 | |a10-10-Supp|b2010-11-09 |
| 690 | 07|aClothing industry|2gcpds |
| 710 | 2 |aMilstein & Co Consulting Inc. |
| 775 | 08|tApproche canadienne à l'égard de la chaîne de valeur mondiale du secteur du vêtement / |w(CaOODSP)9.637043 |
| 776 | 0#|tA Canadian approach to the apparel global value chain / |w(CaOODSP)9.669953 |
| 776 | 0#|tApproche canadienne à l'égard de la chaîne de valeur mondiale du secteur du vêtement / |w(CaOODSP)9.669954 |
| 856 | 40|ahttp://publications.gc.ca|qPDF|s4945 KB|uhttps://publications.gc.ca/collections/collection_2009/ic/Iu44-62-2008E.pdf |
| 986 | |aIC: 60448 |